书目信息 |
| 题名: |
紫禁城宫殿
|
|
| 作者: | 于倬云 主编 | |
| 分册: | ||
| 出版信息: | 北京 生活·读书·新知三联书店 2006.03 |
|
| 页数: | 331页 | |
| 开本: | 29cm | |
| 丛书名: | ||
| 单 册: | ||
| 中图分类: | TU-862.1 | |
| 科图分类: | ||
| 主题词: | 建筑艺术--jian zhu yi shu--作品--评价--中国 , 故宫--gu gong--建筑--评价--中国 | |
| 电子资源: | ||
| ISBN: | 7-108-02402-0 | |
| 000 | 00905nam0 2200241 450 | |
| 001 | 012006372921 | |
| 005 | 20060912161845.62 | |
| 010 | @a7-108-02402-0@dCNY99.00 | |
| 100 | @a20060621d2006 km y0chiy0120 ea | |
| 101 | 0 | @achi |
| 102 | @aCN@b110000 | |
| 105 | @aa z 000yy | |
| 200 | 1 | @a紫禁城宫殿@Azi jin cheng gong dian@f于倬云主编@Fyu zhuo yun zhu bian |
| 210 | @a北京@c生活·读书·新知三联书店@d2006.03 | |
| 215 | @a331页@c图@d29cm | |
| 305 | @a本书由商务印书馆(香港)有限公司授权,限在中国大陆地区出版发行。 | |
| 330 | @a本书精选大量照片展示紫禁城内主要宫、殿、楼、阁、门等各类型建筑物的外景、内景、装修、陈设以及有关的设施,并分章撰写专文作深入浅出的概述。 | |
| 606 | 0 | @a建筑艺术@Ajian zhu yi shu@x作品@x评价@y中国 |
| 606 | 0 | @a故宫@Agu gong@x建筑@x评价@y中国 |
| 690 | @aTU-862.1@v4 | |
| 701 | 0 | @a于倬云@Ayu zhuo yun@4主编 |
| 801 | 0 | @aCN@bQSSK@c20060912 |
| 905 | @a10447@dTU-862.1@eY739 | |
| 紫禁城宫殿/于倬云主编.-北京:生活·读书·新知三联书店,2006.03 |
| 331页:图;29cm |
| ISBN 7-108-02402-0:CNY99.00 |
| 本书精选大量照片展示紫禁城内主要宫、殿、楼、阁、门等各类型建筑物的外景、内景、装修、陈设以及有关的设施,并分章撰写专文作深入浅出的概述。 |
| ● |
| 相关链接 |
|
|
|
正题名:紫禁城宫殿
索取号:TU-862.1/Y739
 
预约/预借
| 序号 | 登录号 | 条形码 | 馆藏地/架位号 | 状态 | 备注 |
| 1 | 590140 | 205901407 | 建筑库101/ [索取号:TU-862.1/Y739] | 在馆 |